Cities where the Nearest City is on Another Country - Statistics

General Stats
  • This quiz has been taken 123 times
    83 since last reset
  • The average score is 34 of 60
Answer Stats
Country City Closest City % Correct
Argentina Buenos Aires Montevideo
97%
Canada Vancouver Seattle
97%
Congo Brazzaville Kinshasa
91%
Canada Toronto Cleveland
88%
DR Congo Kinshasa Brazzaville
86%
Tanzania Dar es Salaam Mombasa
82%
Germany Munich Zürich
82%
Russia Saint Petersburg Helsinki
80%
USA Seattle Vancouver
79%
Mexico Tijuana San Diego
79%
France Lille Brussels
76%
France Toulouse Barcelona
76%
China Ürümqi Almaty
76%
Spain Barcelona Toulouse
74%
Syria Damascus Beirut
74%
France Lyon Turin
74%
Kazakhstan Nur-Sultan Omsk
74%
USA San Diego Tijuana
74%
Ghana Accra Lomé
73%
Syria Aleppo Gaziantep
73%
Kazakhstan Almaty Biskek
73%
France Marseille Turin
73%
Pakistan Lahore Amritsar
71%
Kenya Mombasa Dar es Salaam
71%
Germany Cologne Antwerp
70%
Malaysia Kuala Lumpur Pekanbaru
70%
Philippines Manila Kaohsiung
68%
Myanmar Yangon Chiang Mai
68%
Ukraine Odessa Bucharest
67%
Nigeria Lagos Abomey-Calavi (Cotonou)
65%
Ukraine Kharkiv Voronezh
62%
South Africa Durban Matola (Maputo)
56%
Iraq Basra Ahvaz
53%
Spain Madrid Porto
53%
Russia Omsk Nur-Sultan
53%
Saudi Arabia Dammam Kuwait City
52%
Mexico Monterrey McAllen
52%
India Amritsar Lahore
48%
DR Congo Lubumbashi Lusaka
48%
Thailand Chiang Mai Yangon
47%
Turkey Gaziantep Aleppo
47%
Malaysia Johor Bahru Singapore
47%
USA Phoenix Mexicali
47%
Indonesia Medan Kuala Lumpur
45%
Myanmar Mandalay Chittagong
44%
Iran Tabriz Yerevan
44%
Argentina Mendoza Santiago
42%
USA McAllen Monterrey
39%
Mexico Mérida Guatemala City
36%
Iran Ahvaz Basra
35%
Vietnam Da Nang Haikou
26%
Kazakhstan Shymkent Tashkent
24%
Tanzania Mwanza Kampala
23%
Indonesia Pekanbaru Johor Bahru
20%
Indonesia Batam Singapore
17%
India Srinagar Islamabad
15%
Iran Kermanshah Baghdad
11%
DR Congo Bukavu Bujumbura
6%
India Guwahati Dhaka
6%
India Siliguri Kathmandu
2%
No matching quizzes found
Score Distribution
Percent of People with Each Score
Percentile by Number Answered
Your Score History
You have not taken this quiz since the last reset